|
|
|
|
| LEADER |
01990nam a22002897a 4500 |
| 001 |
29837 |
| 003 |
BD-DhAAL |
| 005 |
20250626115101.0 |
| 008 |
180104t2014 bg a b 000 0 ben d |
| 040 |
|
|
|a BD-DhAAL
|d BD-DhAAL
|
| 041 |
|
|
|a ben
|
| 082 |
|
|
|a 304.25095492
|2 23
|
| 245 |
|
|
|a খরাপ্রবণ এলাকার জন্য জলবায়ু পরিবর্তন অভিযোজন ও দুর্যোগ ঝুঁকি হ্রাস :
|b টুলকিট /
|c সম্পাদক মৃত্যুঞ্জয় রায়, ডঃ নাথুরাম সরকার এবং ডঃ মানজারুল হক খান.
|
| 260 |
|
|
|a ঢাকা ;
|b কম্প্রিহেনসিভ ডিজাস্টার ম্যানেজমেন্ট প্রোগ্রাম ( সিডিএমপি ২) দুর্যোগ ব্যবস্থাপনা ও এাণ মন্ত্রণালয়,
|c ২০১৪
|
| 300 |
|
|
|a ৮৮ পৃষ্ঠা :
|b চিত্র ;
|c ২১ সে.মি.
|
| 526 |
|
|
|a AAL
|
| 541 |
|
|
|a Complementary copy
|e 29837
|
| 650 |
|
|
|a Climatic changes
|x Risk management
|z Bangladesh.
|9 24413
|
| 700 |
|
|
|a রায়, মৃত্যুঞ্জয়.
|9 24415
|
| 700 |
|
|
|a সরকার, ডঃ নাথুরাম.
|9 24426
|
| 700 |
|
|
|a খান, ডঃ মানজারুল হক.
|9 24416
|
| 710 |
|
|
|a কম্প্রিহেনসিভ ডিজাস্টার ম্যানেজমেন্ট প্রোগ্রাম ( সিডিএমপি ২).
|9 24417
|
| 710 |
|
|
|a দুর্যোগ ব্যবস্থাপনাও এাণ মন্ত্রণালয়.
|9 24418
|
| 852 |
|
|
|a Ayesha Abed Library
|c General Stacks
|
| 942 |
|
|
|2 ddc
|c BK
|
| 999 |
|
|
|c 38908
|d 38908
|
| 952 |
|
|
|0 0
|1 0
|2 ddc
|4 0
|6 304_250954920000000_ROY
|7 0
|9 62426
|a BRACUL
|b BRACUL
|c GEN
|d 2018-01-04
|e Complementary copy
|l 0
|o 304.25095492 ROY
|p 3010029837
|r 2018-01-04
|t 1
|w 2018-01-04
|y BK
|